000 00368nam a2200097Ia 4500
008 180130s9999 xx 000 0 und d
245 _cSaini, Debi S.; Budhwar, Pawan S.
_aHuman resource management in India
260 _c2014
300 _aBook title: Managing human resources in Asia-Pacific--Acession number C18630; pages 126-149
650 _aPERSONNEL MANAGEMENT--ASIA
999 _c353815
_d353815